000
00283nam a2200133 4500
008
190122s ||||xo d
100
1
_a
Anderová Romana
_9
801
245
1
0
_a
Biológia 1
250
_a
1. vydanie
020
_c
0
041
1
_a
slo
044
_a
xo
_c
SK
958
_a
APR
999
_c
22007
_d
22007